01658 2200397 4500001002100000005001500021035002000036007000300056008004100059020002200100082001200122084002100134100001700155245008400172250005100256300004200307650002400349650001400373650001000387700003200397520055400429264004300983336002101026337003001047338002301077990001601100990001601116990001601132990001601148990001601164990001601180990001601196990001601212990001601228990001601244INLIS00000000116451420240830110035 a0010-0824000336ta240830 g 0 ind  a978-623-7400-54-7 a910.203 aRF 910.203 EKO k0 aEko Sugiarto1 aKamus istilah pariwisata Indonesia /cEko Sugiarto; penyunting, Dyna Novitasari aEdisi terbaru dan terlengkap, Cetakan I : 2019 avi, 330 halaman :bilustrasi ;c25 cm 4aIndustri pariwisata 4aIndonesia 4aKamus0 aDyna Novitasariepenyunting aPariwisata adalah salah satu bidang yang saat ini dianggap cukup asyik untuk digeluti. Keinginan orang dari berbagai kalangan untuk mendalami pariwisata kian meningkat. Istilah di bidang pariwisata acap kali muncul dalam media cetak, elektronik, maupun internet. Satu hal yang cukup disayangkan adalah sebagian besar istilah tersebut masih dicomot begitu saja dari bahasa asing. Oleh karena itu, kamus ini mencoba menawarkan padanan istilah tersebut dalam bahasa Indonesia. Kamus ini bisa menjadi rujukan bagi Anda yang bergelut di dunia pariwisata. aYogyakarta :bPustaka Referensi,c2019 2rdacontentateks 2rdamediaatanpa perantara 2rdacarrieravolume a53698.66518 a53699.66519 a53699.66519 a53698.66518 a53698.66518 a53699.66519 a53699.66519 a53698.66518 a53698.66518 a53699.66519